| 000 | 00661cam a2200133 4500500 | ||
|---|---|---|---|
| 005 | 20260111091249.0 | ||
| 041 | _afre | ||
| 042 | _adc | ||
| 245 | 0 | 0 | _aHairesis. Festschrift für Karl Hoheisel zum 65. Geburtstag, éd. M. Hutter, W. Klein, U. Vollmer, coll. Jahrbuch für Antike und Christentum, Ergänzungsband 34, Münster, Aschendorff, 2002, xix-538 p., 7 h.t. ill., rel., 108 €. ISBN 3-402-08120-2 |
| 260 | _c2005. | ||
| 500 | _a27 | ||
| 786 | 0 | _nNouvelle revue théologique | 127 | 4 | 2005-12-15 | p. 623zf-647zf | 0029-4845 | |
| 856 | 4 | 1 | _uhttps://shs.cairn.info/revue-nouvelle-revue-theologique-2005-4-page-623zf?lang=fr&redirect-ssocas=7080 |
| 999 |
_c1620757 _d1620757 |
||